000 01007 a2200217 4500
003 UA-OsUOA
005 20260219150003.0
008 260219b un ||||| |||| 00| 0 ukr d
020 _a9789662936261
040 _bukr
_cUA-OsUOA
080 _a82-94
090 _a82-94
_bВ67
100 _aВолинець М.
_923233
245 _aЯ бачив пекло на землі
_bспогади
_cМихтодь Волинець
_nКн. 3
_pНевільний найманець
260 _aЖитомир
_bРута
_c2008
300 _a488 с.
650 _a82-94 Історія як літературний жанр. Історичні твори. Історіографія. Хроніки. Аннали, літописи. Мемуари. Спогади. Щоденники. Біографії. Автобіографії
_92061
942 _cBK
_2udc
955 _a3
999 _c579688
_d579688